| 000 | 004150000a22001690004500 | ||
|---|---|---|---|
| 003 | MACL | ||
| 005 | 20151219133645.0 | ||
| 008 | 151219b xxu||||| |||| 00| 0 eng d | ||
| 040 |
_aMACL _cMACL |
||
| 041 | _aEnglish | ||
| 082 | _a330.4/NIC | ||
| 100 |
_aAsimov, Isaac _910230 |
||
| 245 | _aLiving in The Future | ||
| 260 |
_bNew English Library _c1985 |
||
| 650 |
_aEconomics _921348 |
||
| 942 |
_cBK _k330.4/NIC _2ddc |
||
| 999 |
_c40153 _d40153 |
||